000 00827cam a2200253 a 4500
001 000007475
003 OSt
005 20201001142821.0
008 770126s1975 sp 000 0aspa
020 _a8432505331
040 _aDO-SdBNP
_bspa
_cBNPHU
100 1 _aOlano, Antonio D.,
_d1938-
_920770
245 1 0 _aÁfrica ia sangre y fuego! /
_cAntonio D. Olano ; prólogo Manuel Blanco Tobio.
260 _aMadrid :
_bDoncel,
_c1975.
300 _a319 p. ;
_c18 cm.
490 1 _aEl Libro de bolsillo Doncel
_v71
500 _aIncluye notas al pie de las páginas.
600 1 4 _aOLANO, ANTONIO D.,
_d1938-
_920772
651 4 _aÁfrica Sub Sahara
_xDescripciones Y Viajes
_920771
700 1 _aBlanco Tobio, Manuel
_epról.
_920773
830 0 _aEl Libro de bolsillo Doncel, 71
_98628
942 _2ddc
_cLF1
956 _aLOPEREZ
999 _c7256
_d7256